000 00480nam a22001697a 4500
003 NUST - PNEC
005 20170116181005.0
008 150912b xxu||||| |||| 00| 0 eng d
020 _a0471859362
040 _cLIBRARY
082 _a621.392 HIL
100 _99762
_aHill, Fredrick J.
245 _aDigital systems: hardware organization and design
_cFredrick J.Hill and Geral R. Peterson
260 _cc.1987
650 _99764
_aComputer architecture
_xMIS
942 _2ddc
_cBK
999 _c66856
_d66856